00495nam a2200193 a 4500001001300000003000900013005001700022008004100039020001000080082001300090100001600103245003900119260004300158300000900201500003500210505002000245650002000265700001600285nice12345678IN_TiNIC20260116012220.0050524s1955 newa grp 000 0 eng  ac10000a289bROS aRosten, Leo aGuide to the Religion`s of America aNew YorkbSimon and Schuster Pubc1955 a279p aincludes index and biblioraphy2 aAcknowledgments aChristian-Sects1 aRosten, Leo